| 000 | 00342nam a22001577a 4500 | ||
|---|---|---|---|
| 003 | SGT | ||
| 020 | _a9780134894485 | ||
| 082 |
_a616.85 _bV20B |
||
| 100 | _aBOONE, DANIEL R. | ||
| 245 | _aTHE VOICE AND VOICE THERAPY | ||
| 250 | _a10TH | ||
| 260 |
_aNEW YORK _bPEARSON PUB _c2020 |
||
| 300 | _a363 | ||
| 650 | _aAUDIOLOGY | ||
| 942 |
_2ddc _cBK |
||
| 999 |
_c21019 _d21019 |
||